Riconosci il Pokémon - Quiz n°747 - Statistics

Statistiche generali
  • Questo quiz è stato fatto 0 volte
  • Il punteggio medio è 0 su 10
Statistiche sulle risposte
Indizio Riposta % Corretto
Altezza 1,3 m
0%
Peso 40,3 kg
0%
Sesso 50% ♂, 50% ♀
0%
Tasso di cattura 90 (20.1%)
0%
Abilità Immunità; Velenimpeto
0%
Tasso di allevamento Irregolare
0%
Stadio evoluzione Non si evolve
0%
Tipo Normale
0%
Generazione Terza
0%
Pokémon Zangoose
0%
Nessun quiz corrispondente trovato
Distribuzione punteggi
Percentuale di utenti per punteggio
Percentile per numero di risposta
I tuoi punteggi nel tempo
Non hai fatto questo quiz